| 000 | 00842cam a22002897a 4500 | ||
|---|---|---|---|
| 003 | CHAP | ||
| 005 | 20220329142947.0 | ||
| 008 | 050425d1998 es r 00110 spa d | ||
| 010 | _a90157 | ||
| 011 | _a91129 | ||
| 020 | _a8480163801 | ||
| 035 | _a101687 | ||
| 040 | _cCHAP | ||
| 082 | 0 | 4 |
_a463 _bG4 |
| 245 | 1 | 0 | _aGran diccionario usual de la Lengua Española |
| 260 |
_aBarcelona : _bLarousse, _c1998. |
||
| 300 | _a1856 p. | ||
| 590 |
_aBATCH-UPD _b10 _c20130110 _lUCH01 _h2049 |
||
| 590 |
_aBATCH-UPD _b10 _c20130410 _lUCH01 _h1402 |
||
| 590 |
_aBATCH-UPD _b10 _c20130914 _lUCH01 _h1334 |
||
| 590 |
_aCONVERSION _b10 _c20130109 _lUCH01 _h1350 |
||
| 650 | 1 | 4 |
_aEspañol _xDiccionarios. _937725 |
| 901 | _aBK | ||
| 905 | _aAlejandra Carrasco M. | ||
| 942 | _cLIBRO | ||
| 949 |
_a463 G4 _bBC _cC _d33724000799250 _eC _h105334 _i101687 _sb _t$ 369.00 |
||
| 999 |
_c90157 _d90157 |
||